[Event "SuperGM"]
[Site "Linares ESP"]
[Date "2002.03.07"]
[Round "11"]
[White "Vallejo Pons, Francisco"]
[Black "Adams, Michael"]
[Result "1/2-1/2"]
[WhiteElo "2629"]
[BlackElo "2742"]
[Annotator "Hathaway, Mark"]

1. Nf3
{ He varies from 1. c4, perhaps because he thinks his opponents are now focusing on him and finding particular plans to defeat him, rather than taking him for granted. He might just be tired (for the moment) of his usual opening. }
1...Nf6 2. c4
{ His move-order has prevented the 1. c4 e5 defense for Black. Now if Black wants ...e7-e5 he'll have to provide it's support first. This is one reason some people meet 1. Nf3 with 1...d5. It takes the game out of the realm of the English Opening (generally) . There are others who don't depend so fully on ...e5, so they might consider a King's Indian Defense set-up (generally aiming for ...e7-e5 after some development moves) or a symmetrical ...c7-c5. }
2...e6
{ This move continues to hide Black's intentions, to a certain extent. Often it's played like a Nimzo-Indian Defense, so that 3. Nc3 Bb4 helps Black fight for control of d5 and e4. To achieve the same end he might continue with the direct and classical ...d7-d5 or with a more modern Queen's Indian Defense (...b7-b6, ...Bc8-b7) . There are also other approaches: something completely different like ...c7-c5, delaying the development of Bc8 until he has ...Nb8-c6. To add to the confusion there is also a possibility of a Benoni Defense (3. d4 c5 4. d5 exd5 5. cxd5 d6 6. Nc3 g6) when Black fianchettoes the dark-square bishop after all. It's potentially quite confusing. }
3. Nc3 c5
{ Black has had good success with this, with GM Nick DeFirmian as one of it's best proponents. It aims to play an open position after d2-d4 cxd4 very actively before White can develop and remove his king from the center. White should move with some caution. }
4. g3 b6
{ Black chooses a kind of Queen's Indian Defense formation with an early ...c7-c5. By attempting to nullify White's Bg2 early-on Black should do alright. He's also kept Pd7 to keep Ke8 safe and to guard c6. Keeping those pawns (Pd7, Pe6, Pf7) on light squares can be very useful if Bc8 is traded off. If there is no early trade we might see those pawns move to other squares (...d7-d5 for example) . }
5. Bg2 Bb7 6. O-O Be7 7. Re1
{ GM Walter Browne utilized this plan against GM Alexander Ivanov several years ago in the United States championship. It was copied by many people soon after and usually with good results. Black hadn't planned (perhaps) on having to deal with another White pawn advancing in the center so quickly. White threatens e2-e4-e5 when Nf6 isn't well prepared to move. }
7...Ne4
{ This is a nice response. Just get rid of the knight. White can't utilize the diagonal because ...Ne4xc3 hits White's queen. So, White would have to move Nc3 to avoid the trade and then try to exploit the exposed Ne4. }
8. Nxe4
{ This continues the plan with no loss of time, but also without as much impact. }
 ( 8. Nb1 O-O 9. d3 Ng5 
{ continuing the theme of trying to trade the knight and perhaps Bb7 for Nf3 and Bg2 }
 ( 9...Nf6 10. e4 ) 10. Nfd2 Bxg2 11. Kxg2 
{ Nf6 has no square, so White threatens h2-h4xg5. }
 11...h6 
{ and White hasn't made significant progress! }
 ) 8...Bxe4 9. d3 Bb7 10. e4
{ Vallejo Pons used the Pc4 & Pe4 formation in his game against Kasparov, so this isn't unfamiliar to him. Those pawns block both Bg2 and Bb7, so let's look at other factors to decide who is better or has a better continuation. With e4-e5 it's hard to see Black getting a grip on the dark squares with ...Nb8-c6, ...d7-d5, ...Be7-f6, but Black could challenge Pe4 more directly with ...d7-d5 or ...O-O and ...f7-f5. White will have to concede to pawn exchanges (else his central pawn structure would become broken) or to moving Nf3, so he can advance f2-f4. I'd favor Black, but that's just personal taste. }
10...O-O 11. d4
{ This is an interesting change of tack. White opens things up, but he doesn't have the best grip on d5 since Nc3 is gone. Maybe now Black can play on the dark squares a little more actively. }
11...cxd4 12. Nxd4 d6 13. b3
{ White quickly moves everything off the f6-a1 diagonal, so now Black will have to open the position up. }
13...a6 14. Be3 Nd7 15. f4 Re8 ( 15...Nc5 16. Bf2 ) 16. Bf2 Qc7
{ defends Bb7 to prepare ...Be7-f6 }
 ( 16...Bf6 17. e5 Bxg2 18. exf6 Bb7 19. fxg7 
{ weakens Pd6 and Black's king's safety }
 ) 17. Rc1 Bf6 18. Qd2 Rad8
{ White's position isn't terribly weak, but Black isn't cramped and can develop or maneuver with relative ease. }
19. g4 Nc5 20. b4 ( 20. g5 Bxd4 21. Bxd4 e5 
{ and Black has no fear about a weak d5 (remember White has no Nc3 to hop in there) and Pe5 will definately force the e-file open to expose Pe4 }
 ) 20...g6
{ It appears Adams decided he might need that bishop for later duty, perhaps defending Pd6, and so he gives it a retreat square. Nc5 can only be captured if White is willing to lose Nd4 in return; the d-file would open and Nd4 would be pinned to Qd2. }
 ( 20...Bxd4 $5 ) 21. Nc2 Nd7 22. g5 Bg7 23. Ne3
{ I wonder if after Ne3 Adams regretted not capturing it on move 20. Now the knight controls d5, to keep the central bind, and it might hop over to g4 to threaten invasion at f6 or h6. Black no longer has ...e6-e5 to fork two pieces and force a favorable line opening. Now ... e6-e5 would be met by f4-f5 to advance a king-side attack. }
23...h5
{ This is an attempt, perhaps even a bluff, to keep the h-file from being available to White. But, it's not that simple. He has to creatively find some central thrust to control the location of the conflict. }
 ( 23...Ba8 
{ freeing Qc7 from it's defense and possibly intending ...Nd7-f8, ...Qc7-e7 or ...Qc7-b8, . ..b6-b5 }
 ) ( 23...d5 $6 
{ an interesting tactical shot, but not terribly effective }
 24. e5 $16 
{ locks in Bg7 and threatens cxd5 }
 ) 24. gxh6 Bxh6 25. Ng4 Bf8 26. Bh4 Rc8
{ This looks very bad for Black and one would expect a strong GM to be very pleased with White's prospects. }
27. Bg5 ( 27. Nf6+ Nxf6 28. Bxf6 Bg7 29. Bxg7 Kxg7 30. f5 
{ Leaving e5 to Black is a little different now that Black has no knight or bishop to set there. In this case the idea is to strip Kg7 of his pawn cover. }
 ( 30. Qb2+ 
{ hoping for ...e6-e5 which can be met by f4-f5 to get at Kg7 without Black opening the e-file }
 ) 30...exf5 31. exf5 Bxg2 32. Qxg2 Rxe1+ 33. Rxe1 Qxc4 34. fxg6 
{ and neither king is very safe from the heavy dinosaurs (the enemy queen and rook) roaming this board }
 ) 27...a5 28. a3 axb4 29. axb4 Ba6 30. f5 Bxc4
{ Black materialistically grabs the pawn and hopes to use ...d6-d5 or ...b6-b5 to support it. But, he gives White an interestng shot at Kg8 by allowing f5-f6. }
31. f6
{ This seems to nail the coffin shut on Kg8. How can Black get rid of Pf6 or move Bf8 to allow Kg8 to run away from the open h-file? }
31...Ne5 32. Nh6+ Bxh6 33. Bxh6 b5 ( 33...Nd3 34. Bg7 Nxc1 35. Qh6 $18 ) 34. Bg7 ( 34. h3 ) 34...Qb6+ 35. Kh1 Ng4
{ this prevents Qd2-h6 and it threatens ...Ng4-f2+ }
36. h3 Qf2 37. Qg5 Be2
{ Black is hanging on by a thread. }
38. hxg4 Bf3 39. Bxf3 ( 39. Rg1 $4 Rxc1 40. Qxc1 Qh4# ) 39...Qxf3+ 40. Kh2 Qf2+ 41. Kh1 Qf3+
{ Adams was a little slow with his offense, but it was just in time, as time control neared. He narrowly avoided defeat. }
1/2-1/2

[Event "SuperGM"]
[Site "Linares ESP"]
[Date "2002.03.07"]
[Round "11"]
[White "Kasparov, Garri"]
[Black "Ivanchuk, Vassily"]
[Result "1/2-1/2"]
[WhiteElo "2838"]
[BlackElo "2717"]
[Annotator "Hathaway, Mark"]

1. e4
{ Kasparov has also played 1. d4 against Ivanchuk. }
1...c5 2. Nf3 e6 3. d4 cxd4 4. Nxd4 a6
{ I don't recall Ivanchuk previously using this system against Kasparov. His flexibility with openings is shared by some other GMs, but few people truly play many defenses (or openings for White) with equal skill. There is simply too much specialized detail about most openings for this to be possible. Ivanchuk does better than most, but still has an occasional flub, as in the first round game of his FIDE wch match with Ponomariov. }
5. c4
{ Wow, Kasparov sticks to the c2-c4 he used against Vallejo Pons of round 8. }
5...Nf6 6. Nc3 Qc7
{ See the Kasparov-Vallejo Pons game for notes to the opening. }
 ( 6...Bb4 ) 7. a3 Be7 ( 7...b6 
{ Kasparov-Vallejo Pons, round 8 }
 ) 8. Be3 O-O 9. Rc1 Nc6 10. Be2 Nxd4 11. Qxd4 d6
{ Black's position isn't very enterprising. It's quite passive. He's traded off one minor piece, so his cramp won't be too terrible, but he will have to be in a mood to counter-attack if he's to find any chance to win. }
12. O-O Rb8
{ Usually one wouldn't consider moving Pb7 when there's a Be2 to target Pa6, but Black has to be able to play ...b7-b6 to prevent c4-c5 and possibly to play ...b7-b5 (or ...b6-b5) to chop into White's central pawns, making more room for Black pieces to maneuver. Naturally White will make this more difficult. }
13. Qb6 Qxb6 14. Bxb6 Bd7 $1 ( 14...Nd7 $2 
{ not really so crucial as Bb6 can't do much damage without help from other pieces }
 15. Bc7 Ra8 16. Rfd1 ) 15. Rfd1 Rfc8
{ preventing Bb6-c7xd6 and targeting Pc4. Kasparov isn't gaining much ground and without queens he won't have any king-side attack. Still, Black has no particular advantage (s) . }
16. b4 Be8 17. Ba7 Ra8 18. Be3 Nd7
{ It isn't obvious, but Black might be aiming for ...g7-g5 to secure square e5 for ...Nd7-e5. That would put a constant pressure on Pc4. }
19. Na4 Rc6 20. f3 Kf8
{ If White hadn't played Nc3-a4 Black's Nd7 could go to e5, but in this situation Na4-b6 hits Ra8 and guards Pc4. So, Black just keeps playing good position-improving moves. }
21. Kf2 h6 22. g3 Rc7
{ Enticing White to play Na4-b6 which would allow Black to trade off another minor piece. And, perhaps considering a move of Nd7 to discover an attack (by Be8) on Na4. }
23. Bf4 Rc6 24. Be3 Rc7 25. Bf4 Rc6 26. h4 Ra7
{ It's this kind of move which seems so mysterious. What does it do, except keep the status quo? One obvious offensive idea is to double rooks on the d-file to threaten Pd6, but that's met by ...g7-g5 to chase Bf4 back. I suppose Kasparov just decided it wasn't worth the risk to try any major offensive thrust; so, he'll just wait for the next game and see what develops. }
27. Nc3 Ra8 28. Na4 Ra7 29. Nc3 Ra8
1/2-1/2

[Event "SuperGM"]
[Site "Linares ESP"]
[Date "2002.03.07"]
[Round "11"]
[White "Shirov, Alexei"]
[Black "Ponomariov, Ruslan"]
[Result "1/2-1/2"]
[WhiteElo "2715"]
[BlackElo "2727"]
[Annotator "Hathaway, Mark"]

1. d4 d5 2. c4 dxc4 3. e4
{ This is more aggressive than 3. Nf3, but it also offers Black more choices for defense. Common responses are 3...c5, 3...e5 or 3...Nf6. All of them challenge White's central pawns immediately. There were a couple of these played in the FIDE wch match of Ivanchuk and Ponomariov. If White is allowed time to develop pieces to support his pawns then Black would have real problems. It's essential to know precisely what White's pawn formation is, so that Black's developments will be most effective. If White can keep his pawns as a duo they might advance in any fashion to foil Black's early developments. }
3...Nf6 4. e5 Nd5 5. Bxc4 Nb6 6. Bd3
{ Now Black knows not to fianchetto either bishop. Instead ...Bc8-e6-d5 followed by ...e7-e6, ...c7-c5 and ...Nb8-c6 would be coherent and apply terrific pressure to White's central pawns. Incidentally Pd4 isn't en prise because 6...Qxd4 is met decisively by 7. Bb5+. }
6...Nc6 7. Be3
{ White's early pawn advances and Bishop developments creates a curious appearance and flaunts the classical rule of developing knights before bishops. }
 ( 7. Nf3 $2 Bg4 ) ( 7. Ne2 
{ has also been tried }
 ) 7...Nb4 8. Be4 f5
{ Black too does some non-classical things: moving knights multiple times and now weakening Ke8 with ...f7-f5. It's often difficult to explain the rationale for such play. In this case Black can't get Bc8 developed as early as he'd like, so he uses Pf5 to control light squares. Black has to stake out control of the light squares to fix White's central pawns in place, then the assault on them would begin. This also explains why Black doesn't move ...Nb4-d5. He needs to leave open the possibility of ...c7-c5xd4, so control of d5 is sufficient; he doesn't have to occupy the square. }
9. exf6 exf6
{ This is a dramatic change of the landscape. White doesn't continue with the central pawns now that he's gained a concession (king's weakness) from Black. Now piece play can become prevalent. White would probably like to play Qd1-h5+, but he can't afford to until he's hobbled Nb4. It threatens to jump into c2 if White walks away from that square. }
10. Nc3 ( 10. a3 f5 ( 10...N4d5 $2 11. Qh5+ ) 11. Bf3 N4d5 12. Bd2 ) 10...f5 $1
{ Consistently Black uses a pawn to block Be4 and this incidentally (and usefully) prevents Qd1-h5+ from being effective. Now Nb4 could retreat if necessary. }
11. Bb1 N4d5 12. Nf3
{ It doesn't look like any stodgy closed Queen's Gambit Declined! }
12...Bd6 ( 12...Nxe3 13. fxe3 Bd6 
{ creates the backward Pe3 (probably temporary) and takes aim at the king-side, but it doesn't put any sustained pressure on White }
 ) ( 12...Bb4 
{ attempts to apply pressure without allowing immediate simplification. It also allows Black to meet Be3-g5 with ...Qd8-d6 or ...Nd5-f6 }
 13. Bg5 Qd6 14. Qe2+ Be6 15. Bxf5 Nxc3 
{ is certainly a confusing mess for tacticians (and computer programs) to solve }
 ) 13. Bg5 Be7
{ Black immediately moves the bishop again, but White has moved his bishop twice also. And, who should be concerned about how many times a piece has moved after all the other peculiar-looking maneuvers which preceded this? Most importantly Black threatens Bg5 and keeps Ke8 safe. }
14. Bd2
{ Now who's lost the tempo? }
14...O-O 15. O-O Nxc3 ( 15...f4 
{ finally frees Bc8 to develop, but opens the b1-h7 diagonal. I'd say Black is well enough developed to handle White's few tactics with Rf8 ready to support ...Bc8-f5 and Nd5 well supported, so no pin can do damage. }
 16. Qb3 ( 16. Qc2 Bf5 17. Qb3 Bg4 18. Be4 c6 ) 16...Bf5 
{ Preventing Bb1-e4xd5 from being a problem is one Black option. He might also choose ...Bc8-g4xf3 to begin an offensive against Kg1. }
 ) 16. bxc3 Be6 17. Re1 Bd5
{ Oddly, the position closely resembles one arising from a Petrov's Defense. }
18. Bd3 ( 18. Ne5 ) 18...Nc4 19. Bxc4
{ It's a sad day for White when he has to trade his good bishop for a lowly knight, and Black continues his light square control. }
19...Bxc4 20. Ne5 Bf7 21. Nxf7
{ Well, at least he gets the bishop back. This simplifies the game considerably and White's multiple pawn "islands" is balanced to some extent by Black's slightly weakened king's position. }
21...Rxf7 22. Qb3 c5
{ Finally (!) , there's the crucial strike at Pd4. Of course it's different than if it had occurred early in the game. But, opening the position and getting rid of another White pawn will leave White with an isolated pawn, a much easier target. This is an example of attacking the pawn chain at it's head, Nimcovics (Nimzovitch) wouldn't have given this as an example of excellent play, but he also played such things. }
23. d5 $1
{ If White gets time for c3-c4 he'll have made Bf6 worse by blocking Pc5 which blocks Be7. It also removes the pawns from dark squares where they're targets. }
23...b5
{ Black has to prevent c3-c4 and in so doing offers a pawn trade which would give White a slightly better bishop (after 24. Qxb5 Qxd5 25. Bf4) if he can target Bc5 without ...f5-f4 chasing it off the e3-c5 diagonal. }
 ( 23...Bf6 24. Rad1 Qd6 25. c4 $14 ) 24. Re6
{ If Ponomariov had the White pieces he might well have played the same move. Both these players will go to extremes, at times, to gain the initiative for their pieces. In this case Black can work to isolate Pd5 and block Qb3 over on the queen-side, several tempi from the central action. }
 ( 24. c4 bxc4 25. Qxc4 $14 ) 24...Qd7 25. Rae1 c4 $5 ( 25...Kf8 ) 26. Qd1 Rd8 27. Qe2 Qxd5 28. Rxe7 Rxe7 29. Qxe7 Qxd2
{ This particular simplification has left the weakness of Kg8 more noticable, but Black's incursion at Qd2 which threatens Pc3 is consistent with his plan to make something of the extra queen-side pawn. The balance is still there. }
30. Qe6+ Kf8 ( 30...Kh8 $4 31. Qe8+ Rxe8 32. Rxe8# ) 31. Qxf5+ Kg8 32. Qe6+ Kf8 33. Qe7+ Kg8 34. Qe6+ Kf8 35. h4
{ He can afford this because Pc3 is poison. }
35...Qd7
{ Black wants a queen trade to end the threats to Kf8. That would make it easier for him to redirect attention to his queen-side pawns. }
 ( 35...Qxc3 36. Qe7+ Kg8 37. Qxd8+ 
{ captured with check, so Re1 isn't captured }
 37...Kf7 38. Qe8+ Kf6 39. Qe6# ) 36. Qa6
{ The attack on Kf8 has to take a break and this move prevents Black from putting his Pa7 into motion. }
36...Qd2 37. Qe6 Qd7 38. Qe5
{ Apparently he doesn't want to just repeat moves; but this is risky. }
38...Re8 39. Qc5+
{ White prefers to make something of his ability to threaten (or at least to check) Black's king with queen & rook. }
 ( 39. Qxe8+ Qxe8 40. Rxe8+ Kxe8 41. Kf1 a5 42. a3 Ke7 43. g4 Kd6 44. Ke2 Kc5 45. f4 b4 46. cxb4+ axb4 47. axb4+ Kxb4 48. Kd2 c3+ 49. Kc2 Kc4 50. f5 Kd4 51. g5 Ke5 52. f6 gxf6 53. gxf6 Kxf6 54. Kxc3 Kg6 55. Kd3 Kh5 56. Ke3 Kxh4 57. Kf2 $11 ) 39...Kg8 40. Rxe8+
{ Trading rooks is difficult to avoid, but it limits White's attacking chances. There are few positions where a queen can checkmate the opponent king by itself. However, it can perpetually check. }
40...Qxe8 41. Qd5+ ( 41. Qxa7 Qe1+ 42. Kh2 Qe5+ 43. g3 Qxc3 44. Qb8+ Kf7 45. Qxb5 
{ and Black's passed Pc4 gives him plenty of opportunity to draw }
 ) 41...Kh8 42. Kf1 ( 42. g3 
{ is safe because Pc3 is poison. After 42...Qe1+ 43. Kg2 Qxc3?? 44. Qd8 is checkmate. }
 42...h6 
{ renews the threat of ...Qe8-e1+xc3 }
 ) 42...h6 43. f3 a5 44. Kf2 Qg6 45. Qa8+ Kh7 46. Qxa5 Qc2+ 47. Kg3 Qg6+ 48. Kf2
1/2-1/2